00385nam a22001577a 450000500170000000800410001702000260005804000090008404100120009308200150010510000240012024500220014426000320016630000080019865000210020620260603123519.0260603b |||||||| |||| 00| 0 eng d a9789350564301c900.00 aMAIN aEnglish a539.7bSHA aSharma, Ajit Kumar  aMolecular Physics aNew DelhibDiscovery c2018 a265 aPhysics (PM USHA